000 00412nam a22001697a 4500
005 20160630154335.0
008 160630b xxu||||| |||| 00| 0 eng d
020 _a978-93-80027-12-8
041 _aeng
082 _b17001
100 _aAgarwal, R K
_93224
245 _aElectrical Machines Design
260 _bS.K. Kataria & Sons
_c2012
300 _a1650
650 _aDiploma Engineering
_9817
942 _cBK
999 _c4970
_d4968